| 000 | 00572nam a2200217Ia 4500 | ||
|---|---|---|---|
| 003 | OSt | ||
| 005 | 20230506163807.0 | ||
| 008 | 210423s1998 xx 000 0 und d | ||
| 040 | _cAL | ||
| 041 | _aeng | ||
| 082 |
_a306.2 _223 _bKHAC |
||
| 100 |
_aKHARE (R S) _999475 |
||
| 245 | _aCultural diversity and social discontent | ||
| 250 | _a1 | ||
| 260 |
_aNew Delhi _bSage Publications _c1998 |
||
| 365 |
_b425 _cINR |
||
| 650 |
_aPolitical Sociology _999476 |
||
| 650 |
_aSociology _999477 |
||
| 906 | _aCultural ; discontent ; diversity ; social | ||
| 942 |
_2ddc _cBK |
||
| 999 |
_c171324 _d171324 |
||